La autogestión comunitaria /
Guardat en:
| Autor corporatiu: | , , , , |
|---|---|
| Altres autors: | , , , , , , , |
| Format: | Text |
| Idioma: | Spanish |
| Publicat: |
San José:
PROFAC
|
| Col·lecció: | Autogestión y Cultura de Paz
|
| Matèries: | |
| Etiquetes: |
Afegir etiqueta
Sense etiquetes, Sigues el primer a etiquetar aquest registre!
|
MARC
| LEADER | 00000 a a2200000 04500 | ||
|---|---|---|---|
| 001 | 19150 | ||
| 003 | cru CRAI/IIS | ||
| 005 | 20220208152536.0 | ||
| 008 | 220208b1997 cr ||||| |||| 00| 0 spa d | ||
| 040 | |c cru CRAI/IIS | ||
| 090 | |a 05.03.03 A939a | ||
| 110 | |a Proyecto de Fortalecimiento de la Autogestión Comunitaria | ||
| 245 | |a La autogestión comunitaria / |c Proyecto de Fortalecimiento de la Autogestión Comunitaria | ||
| 260 | |a San José: |b PROFAC | ||
| 300 | |a 28 páginas.; Módulo n. 2 | ||
| 300 | |b il. | ||
| 440 | |9 10235 |a Autogestión y Cultura de Paz | ||
| 650 | |a COMUNIDADES | ||
| 650 | |a ZONAS URBANAS | ||
| 650 | |a SOCIEDAD CIVIL | ||
| 650 | |a PARTICIPACION SOCIAL | ||
| 650 | |a PARTICIPACION COMUNITARIA | ||
| 650 | |a AUTOGESTION | ||
| 650 | |a MANEJO DE PROBLEMAS | ||
| 650 | |a PROGRAMAS DE CAPACITACION | ||
| 650 | |a CAPACITACION POR MODULOS | ||
| 700 | 1 | |9 3265 |a Cuevas Cordero, Felisa | |
| 700 | 1 | |9 10236 |a Brenes, Abelardo | |
| 700 | 1 | |9 10239 |a Vargas, María Esther | |
| 700 | 1 | |9 3247 |a Molina Alfaro, Eugenia | |
| 700 | 1 | |9 10240 |a Rojas, Alberto | |
| 700 | 1 | |9 10237 |a Magallón, Mitzi | |
| 700 | 1 | |9 10238 |a Hidalgo Molina, Marco Antonio | |
| 700 | 1 | |9 3595 |a Bolaños Vargas, Olman | |
| 710 | |a Naciones Unidas. Programa de las Naciones Unidas para el Desarrollo | ||
| 710 | |a PNUD | ||
| 710 | |a Centro de Naciones Unidas para Asentamientos Humanos Hábitat | ||
| 710 | |a Costa Rica. Ministerio de Vivienda y Asentamientos Humanos@ | ||
| 942 | |2 z |c LI | ||
| 999 | |c 12107 |d 12107 | ||
